000 00444nam a2200145Ia 4500
003 OSt
005 20260226112207.0
008 211028s2019 xx 000 0 und d
040 _cAIMIT LIBRARY
041 _aeng
100 _aKodiah, Philip Adjei; Vasantha G.
_g1716132
_98109
245 _aStudy on evaluation of training program in Big Bazaar Udupi Kirkpatrick Model Testing /
260 _aMangalore
_bSwapna Rose
_c2019
942 _2ddc
_cPRO
999 _c219677
_d219677